Italienfahrt (Record no. 6706)

MARC details
000 -CABECERA
campo de control de longitud fija 00544nam a2200205 a 4500
001 - NÚMERO DE CONTROL
campo de control BRCA_7025
005 - FECHA Y HORA DE LA ÚLTIMA TRANSACCIÓN
campo de control 20190321142926.0
008 - DATOS DE LONGITUD FIJA--INFORMACIÓN GENERAL
campo de control de longitud fija 291111s1921----gw-a######---#000-0#ger-#
041 ## - CÓDIGO DE LENGUA
Código de lengua del texto/banda sonora o título independiente ger
044 ## - CÓDIGO DEL PAÍS DE LA ENTIDAD EDITORA/PRODUCTORA
Código MARC del país gw
050 #4 - SIGNATURA TOPOGRÁFICA DE LA BIBLIOTECA DEL CONGRESO
Número de documento/Ítem .H34 1921
100 1# - ENTRADA PRINCIPAL--NOMBRE DE PERSONA
Nombre de persona Haeckel, Ernst
Fechas asociadas al nombre 1834-1919
9 (RLIN) 16712
245 10 - MENCIÓN DE TÍTULO
Título Italienfahrt
Resto del título Briefe an die Braut 1859/1860
Mención de responsabilidad, etc. Ernst Haeckel.
260 ## - PUBLICACIÓN, DISTRIBUCIÓN, ETC.
Lugar de publicación, distribución, etc. Leipzig
Nombre del editor, distribuidor, etc. K. F. Koehler
Fecha de publicación, distribución, etc. 1921
300 ## - DESCRIPCIÓN FÍSICA
Extensión viii, 184 p.
Otras características físicas il., 7 láminas
Dimensiones 22 cm.
500 ## - NOTA GENERAL
Nota general L210
650 14 - PUNTO DE ACCESO ADICIONAL DE MATERIA--TÉRMINO DE MATERIA
Término de materia o nombre geográfico como elemento de entrada Literatura
9 (RLIN) 16400
902 ## - CATALOGADOR
Iniciales GFM
942 ## - ELEMENTOS DE PUNTO DE ACCESO ADICIONAL (KOHA)
Fuente del sistema de clasificación o colocación Library of Congress Classification
Tipo de ítem Koha Libros
Holdings
Estado de retiro Estado de pérdida Estado dañado No para préstamo Localización permanente Ubicación/localización actual Fecha de adquisición Número de inventario Total de préstamos Signatura topográfica completa Código de barras Fecha visto por última vez Precio válido a partir de Tipo de ítem Koha
El ejemplar forma parte de la colección y puede ser consultado según las políticas vigentes.       Biblioteca del Museo Franz Mayer (Rogerio Casas-Alatriste) Biblioteca del Museo Franz Mayer (Rogerio Casas-Alatriste) 29/11/2011 L210   .H34 1921 (L210) 7472 22/03/2019 22/03/2019 Libros